[Event "OLOB 1920 SV Oberursel - FB Mörlenbach-"]
[Site "?"]
[Date "2021.07.17"]
[Round "10.2"]
[White "Heinz, Axel"]
[Black "Legde, Georg"]
[Result "1/2-1/2"]
[WhiteElo "2444"]
[BlackElo "2320"]
[PlyCount "53"]
[EventDate "2021.??.??"]

1. e4 c6 2. Nc3 d5 3. Nf3 Nf6 4. e5 Ne4 5. Ne2 Qb6 6. d4 e6 7. Ng3 c5 8. Bd3
Nxg3 9. fxg3 Nc6 10. O-O h6 11. Kh1 Bd7 12. a3 O-O-O 13. dxc5 Bxc5 14. b4 Be3
15. Bb2 Kb8 16. Qe2 d4 17. c3 dxc3 18. Bxc3 Ne7 19. Rae1 Nd5 20. Ba1 a6 21. Nd2
Bxd2 22. Qxd2 Rhf8 23. Bb1 Bb5 24. Rf3 Ne7 25. Qc2 Rd7 26. h3 Nf5 27. Qc5
1/2-1/2

[Event "OLOB 1920 SV Oberursel - FB Mörlenbach-"]
[Site "?"]
[Date "2021.07.17"]
[Round "10.3"]
[White "Dittmar, Peter"]
[Black "Dubiel, Jacek"]
[Result "1/2-1/2"]
[WhiteElo "2230"]
[BlackElo "2415"]
[PlyCount "57"]
[EventDate "2021.??.??"]

1. c4 e6 2. g3 Nf6 3. Bg2 d5 4. Nf3 d4 5. O-O c5 6. e3 Nc6 7. exd4 cxd4 8. d3
Be7 9. Na3 Bxa3 10. bxa3 O-O 11. Re1 Re8 12. Ne5 Nxe5 13. Rxe5 Nd7 14. Rb5 a6
15. Rbb1 Nc5 16. a4 Bd7 17. Ba3 Bxa4 18. Qd2 Rc8 19. Bxc5 Rxc5 20. Rxb7 Bc6 21.
Bxc6 Rxc6 22. Qf4 Qf6 23. Qxf6 gxf6 24. Rd7 e5 25. Rb1 f5 26. Re1 Ree6 27. Rd5
e4 28. Rxd4 exd3 29. Rd1 1/2-1/2

[Event "OLOB 1920 SV Oberursel - FB Mörlenbach-"]
[Site "?"]
[Date "2021.07.17"]
[Round "10.4"]
[White "Akbarinia, Sayed Arash"]
[Black "Felgendreher, Heiko"]
[Result "1-0"]
[WhiteElo "2379"]
[BlackElo "2191"]
[PlyCount "65"]
[EventDate "2021.??.??"]

1. d4 Nf6 2. Nf3 g6 3. c4 Bg7 4. g3 O-O 5. Bg2 d5 6. cxd5 Nxd5 7. O-O Nb6 8.
Qd3 Nc6 9. Rd1 e5 10. d5 Na5 11. Na3 c6 12. Bg5 Qxd5 13. Qc3 e4 14. Qc1 Qxd1+
15. Qxd1 exf3 16. Bxf3 Bxb2 17. Be7 Re8 18. Rb1 Bg7 19. Bc5 Nac4 20. Nxc4 Nxc4
21. Qc1 Ne5 22. Bg2 Nd7 23. Be3 Nb6 24. h3 Nd5 25. Bxd5 cxd5 26. Qc5 b6 27.
Qxd5 Bxh3 28. Qb7 Bf5 29. Rc1 Be4 30. Qa6 Red8 31. g4 Bb2 32. Rf1 Rd7 33. Qb5
1-0

[Event "OLOB 1920 SV Oberursel - FB Mörlenbach-"]
[Site "?"]
[Date "2021.07.17"]
[Round "10.5"]
[White "Boehmer, Christian"]
[Black "Schlamp, Robert"]
[Result "1/2-1/2"]
[WhiteElo "2167"]
[BlackElo "2280"]
[PlyCount "62"]
[EventDate "2021.??.??"]

1. e4 e6 2. d4 d5 3. Nd2 Nc6 4. Ngf3 Nf6 5. e5 Nd7 6. c3 f6 7. Bd3 g6 8. exf6
Qxf6 9. O-O Bd6 10. Bb5 a6 11. Bxc6 bxc6 12. c4 O-O 13. c5 Bf4 14. Qa4 e5 15.
dxe5 Bxe5 16. Nb3 Qe6 17. Ng5 Qf6 18. f4 Nxc5 19. Nxc5 Bd4+ 20. Kh1 Bxc5 21.
Bd2 Bd7 22. Bc3 Qf5 23. Rae1 Rfe8 24. Rxe8+ Bxe8 25. Re1 Bd7 26. Nf3 Rf8 27.
Be5 Bf2 28. Rf1 Be3 29. Bxc7 Bxf4 30. Ng1 g5 31. Bxf4 gxf4 1/2-1/2

[Event "OLOB 1920 SV Oberursel - FB Mörlenbach-"]
[Site "?"]
[Date "2021.07.17"]
[Round "10.7"]
[White "Wohlfart, Paulus"]
[Black "Haubt, Georg"]
[Result "1-0"]
[WhiteElo "2092"]
[BlackElo "2058"]
[PlyCount "75"]
[EventDate "2021.??.??"]

1. d4 Nf6 2. c4 e6 3. Nf3 b6 4. a3 Bb7 5. Nc3 c5 6. d5 exd5 7. cxd5 d6 8. e4
Nbd7 9. Be2 a6 10. a4 g6 11. h3 Bg7 12. Bf4 Qe7 13. Nd2 O-O 14. O-O Ne8 15. Qc2
Rc8 16. Nc4 f5 17. exf5 Rxf5 18. Bg3 b5 19. axb5 axb5 20. Ne3 Rg5 21. Bh4 b4
22. Ne4 h6 23. Bxg5 hxg5 24. Bg4 Rc7 25. Be6+ Kh7 26. f4 Bd4 27. Nxg5+ Kg7 28.
Rae1 Nef6 29. Kh2 Bxe3 30. Rxe3 Nxd5 31. Bxd5 Qxe3 32. Ne6+ Kh6 33. Nxc7 Bc8
34. Be6 Qd4 35. Qf2 Qf6 36. f5 g5 37. Nd5 Qe5+ 38. Qg3 1-0

[Event "OLOB 1920 SV Oberursel - FB Mörlenbach-"]
[Site "?"]
[Date "2021.07.17"]
[Round "10.8"]
[White "Falk, Thomas"]
[Black "Schiffer, Steve"]
[Result "1/2-1/2"]
[WhiteElo "2084"]
[BlackElo "2064"]
[PlyCount "112"]
[EventDate "2021.??.??"]

1. Nf3 g6 2. d4 Bg7 3. c4 Nf6 4. Nc3 d6 5. e4 O-O 6. Be2 Nc6 7. O-O e5 8. d5
Ne7 9. Ne1 Ne8 10. Nd3 f5 11. f3 f4 12. Bd2 Kh8 13. c5 g5 14. h3 Rg8 15. cxd6
cxd6 16. Nf2 Ng6 17. Qb3 Bf8 18. Rfc1 h5 19. Qd1 Rg7 20. a4 Nf6 21. Ra3 Nh4 22.
Be1 Nxg2 23. Kxg2 Bxh3+ 24. Kxh3 Qd7+ 25. Kg2 g4 26. Bb5 gxf3+ 27. Kxf3 Rg3+
28. Ke2 Qh7 29. Kd2 a6 30. Bf1 Bh6 31. Kc2 Rg1 32. Qd3 Rc8 33. Kb1 Rg3 34. Qd1
Rcg8 35. Bh3 f3 36. Bf5 Qg7 37. Na2 Bxc1 38. Nxc1 Rg1 39. Rxf3 Qg2 40. Ncd3 Ng4
41. Nxg4 hxg4 42. Rf2 Qh1 43. Be6 g3 44. Rf5 Rg6 45. Rh5+ Kg7 46. Rxh1 Rxh1 47.
Qf3 g2 48. Qf7+ Kh6 49. Qf8+ Kh7 50. Qf7+ Rg7 51. Bf5+ Kh8 52. Qf8+ Rg8 53.
Qf6+ Rg7 54. Qf8+ Rg8 55. Qf6+ Rg7 56. Qf8+ Rg8 1/2-1/2

[Event "OLOB 1920 SG BW Stadtilm - Bad Emstal/W"]
[Site "?"]
[Date "2021.07.17"]
[Round "10.1"]
[White "Sivuk, Vitaly"]
[Black "Siebarth, Raiko"]
[Result "1-0"]
[WhiteElo "2552"]
[BlackElo "2333"]
[PlyCount "97"]
[EventDate "2021.??.??"]

1. d4 Nf6 2. c4 e6 3. g3 d5 4. Nf3 Be7 5. Bg2 O-O 6. O-O dxc4 7. Qc2 a6 8. a4
b6 9. Bg5 Bb7 10. Rd1 Nbd7 11. Qxc4 Qc8 12. Nbd2 h6 13. Bxf6 Nxf6 14. Rac1 c5
15. dxc5 Qxc5 16. Qxc5 Bxc5 17. Ne5 Bxg2 18. Kxg2 Rfc8 19. Nd3 Be7 20. Nc4 Rab8
21. Nce5 Bd6 22. Nc6 Ra8 23. Kf3 Kf8 24. e4 Nd7 25. b4 Ke8 26. Ke2 Rc7 27. f4
Rac8 28. b5 Ra8 29. e5 Bc5 30. Rd2 axb5 31. axb5 f6 32. Rcd1 fxe5 33. Nxc5 Nxc5
34. Rd8+ Rxd8 35. Rxd8+ Kf7 36. Nxe5+ Ke7 37. Rg8 Kd6 38. Nc4+ Kd5 39. Nxb6+
Ke4 40. Rc8 Rxc8 41. Nxc8 g5 42. Nd6+ Kd5 43. fxg5 hxg5 44. Nf7 Ne4 45. Ke3 Nf6
46. Kf3 g4+ 47. Kf4 Kd4 48. Kg5 Nd5 49. Nh6 1-0

[Event "OLOB 1920 SG BW Stadtilm - Bad Emstal/W"]
[Site "?"]
[Date "2021.07.17"]
[Round "10.2"]
[White "Schneider, Christian"]
[Black "Frolov, Artur"]
[Result "1/2-1/2"]
[WhiteElo "2220"]
[BlackElo "2385"]
[PlyCount "52"]
[EventDate "2021.??.??"]

1. c4 Nf6 2. g3 g6 3. Bg2 Bg7 4. Nc3 O-O 5. e3 e5 6. Nge2 Nc6 7. O-O d6 8. d3
Bd7 9. h3 h5 10. Rb1 Ne7 11. e4 a5 12. Be3 c5 13. f4 Qc8 14. fxe5 dxe5 15. Bg5
Ra6 16. Kh2 Re8 17. Qd2 Nh7 18. Be3 Rd6 19. a3 f5 20. b4 cxb4 21. axb4 axb4 22.
Nd5 Nc6 23. c5 Rf6 24. Nxf6+ Nxf6 25. Bh6 Bh8 26. Bg5 Kh7 1/2-1/2

[Event "OLOB 1920 SG BW Stadtilm - Bad Emstal/W"]
[Site "?"]
[Date "2021.07.17"]
[Round "10.3"]
[White "Shkuran, Danylo"]
[Black "Mehlhorn, Uwe"]
[Result "1-0"]
[WhiteElo "2347"]
[BlackElo "2029"]
[PlyCount "59"]
[EventDate "2021.??.??"]

1. e4 d6 2. d4 g6 3. Nc3 Bg7 4. Be3 a6 5. a4 b6 6. Qd2 Bb7 7. f3 Nd7 8. Bc4 e6
9. Nh3 c6 10. Bb3 Rc8 11. Rd1 Ngf6 12. Bh6 O-O 13. Nf2 Kh8 14. Bg5 Qe8 15. h4
d5 16. a5 Ng8 17. h5 f6 18. h6 fxg5 19. hxg7+ Kxg7 20. Qxg5 Rf5 21. Qd2 c5 22.
Ne2 Qe7 23. c3 Kf8 24. Bc2 Rf7 25. Nh3 Qh4+ 26. Kf1 Rg7 27. Nef4 Ke7 28. Kg1
Rf8 29. Ne2 h6 30. Nf2 1-0

[Event "OLOB 1920 SG BW Stadtilm - Bad Emstal/W"]
[Site "?"]
[Date "2021.07.17"]
[Round "10.4"]
[White "Neubauer, Andreas"]
[Black "Skliarov, Viktor"]
[Result "0-1"]
[WhiteElo "2132"]
[BlackElo "2383"]
[PlyCount "48"]
[EventDate "2021.??.??"]

1. Nf3 c5 2. e4 Nc6 3. c3 Nf6 4. e5 Nd5 5. d4 cxd4 6. cxd4 d6 7. Bc4 Nb6 8. Bb5
Bd7 9. exd6 e6 10. Bg5 Qb8 11. O-O Bxd6 12. Nc3 h6 13. Bh4 a6 14. Bd3 Nb4 15.
Be4 f5 16. Ne5 Bxe5 17. Qh5+ Kf8 18. dxe5 fxe4 19. Nxe4 N4d5 20. Nd6 Kg8 21. f4
Qf8 22. Rac1 Kh7 23. Qe2 g6 24. Nxb7 Bb5 0-1

[Event "OLOB 1920 SG BW Stadtilm - Bad Emstal/W"]
[Site "?"]
[Date "2021.07.17"]
[Round "10.5"]
[White "Kersten, Uwe"]
[Black "Dittrich, Tom"]
[Result "1-0"]
[WhiteElo "2252"]
[BlackElo "1977"]
[PlyCount "87"]
[EventDate "2021.??.??"]

1. e4 c5 2. Nf3 d6 3. Bb5+ Bd7 4. Bxd7+ Qxd7 5. c4 e5 6. Nc3 g6 7. O-O Bg7 8.
Rb1 Nc6 9. a3 a5 10. Nd5 Ra6 11. b4 axb4 12. axb4 cxb4 13. d3 Nge7 14. Nxb4
Nxb4 15. Rxb4 Nc6 16. Rb5 O-O 17. Qb3 Na5 18. Qa2 Rfa8 19. Qb1 f5 20. exf5 gxf5
21. Bd2 Qc6 22. Nh4 Qc8 23. h3 Bf6 24. Nf3 Qc6 25. Bg5 Bxg5 26. Nxg5 h6 27. Nf3
Qc8 28. Qc1 Qe6 29. Qe3 Qf6 30. Rfb1 Re8 31. Rb6 Rxb6 32. Rxb6 Re7 33. Qd2 Nc6
34. Qb2 Qf7 35. Nd2 e4 36. dxe4 fxe4 37. Nf1 Qxc4 38. Ne3 Qf7 39. Ng4 Kh7 40.
Rb5 h5 41. Rxh5+ Qxh5 42. Nf6+ Kg6 43. Nxh5 Kxh5 44. Qf6 1-0

[Event "OLOB 1920 SG BW Stadtilm - Bad Emstal/W"]
[Site "?"]
[Date "2021.07.17"]
[Round "10.6"]
[White "Werner, Justus"]
[Black "Cherny, Andrey"]
[Result "0-1"]
[WhiteElo "1946"]
[BlackElo "2188"]
[PlyCount "80"]
[EventDate "2021.??.??"]

1. c4 c6 2. d4 d5 3. Nf3 Nf6 4. g3 dxc4 5. Bg2 Bf5 6. Nbd2 Qa5 7. O-O c3 8. Nb3
cxb2 9. Bxb2 Qc7 10. Nh4 Bc8 11. e4 e6 12. d5 Be7 13. Re1 exd5 14. exd5 O-O 15.
Be5 Qd7 16. d6 Bd8 17. Nc5 Qg4 18. Qd2 Nbd7 19. h3 Qc4 20. Rac1 Qb5 21. Bf1 Ba5
22. Bc3 Bxc3 23. Rxc3 Qb4 24. a3 Qa5 25. Ne4 Nxe4 26. Rxe4 Nf6 27. Re1 Nd5 28.
Rd3 Qxd2 29. Rxd2 Be6 30. f4 g6 31. Bc4 Rfd8 32. Bxd5 cxd5 33. Rc1 Rxd6 34. Rc7
b5 35. g4 d4 36. Kf2 a5 37. Nf3 d3 38. Ke3 Re8 39. Ne5 f6 40. Rxd3 Rxd3+ 0-1

[Event "OLOB 1920 SG BW Stadtilm - Bad Emstal/W"]
[Site "?"]
[Date "2021.07.17"]
[Round "10.7"]
[White "Haenisch, Uwe"]
[Black "Schmidt, Daniel"]
[Result "1-0"]
[WhiteElo "2187"]
[BlackElo "1871"]
[PlyCount "59"]
[EventDate "2021.??.??"]

1. e4 c5 2. Nc3 Nc6 3. g3 g6 4. Bg2 Bg7 5. d3 e6 6. Be3 Nd4 7. Qd2 Ne7 8. Nd1
d6 9. c3 Ndc6 10. Bh6 O-O 11. h4 f5 12. h5 Qe8 13. Bxg7 Kxg7 14. hxg6 Qxg6 15.
Ne3 Ne5 16. Ne2 Ng4 17. Nf4 Qf7 18. Nc4 Rd8 19. O-O-O e5 20. Nh5+ Kh8 21. f3
Nf6 22. Nxf6 Qxf6 23. Rh6 Ng6 24. Rdh1 Rd7 25. exf5 Qxf5 26. Bh3 Qf7 27. Bxd7
Qxd7 28. Rxg6 Qf7 29. Rxh7+ Qxh7 30. Rh6 1-0

[Event "OLOB 1920 SG BW Stadtilm - Bad Emstal/W"]
[Site "?"]
[Date "2021.07.17"]
[Round "10.8"]
[White "Schroeter, Maik"]
[Black "Ramlow, Marcus"]
[Result "1/2-1/2"]
[WhiteElo "1945"]
[BlackElo "2091"]
[PlyCount "50"]
[EventDate "2021.??.??"]

1. e4 e5 2. Nf3 Nc6 3. d4 exd4 4. Bc4 Nf6 5. e5 d5 6. Bb5 Nd7 7. O-O Be7 8.
Bxc6 bxc6 9. e6 fxe6 10. Nxd4 Nf6 11. Nxc6 Qd6 12. Nxe7 Qxe7 13. Re1 O-O 14.
Nc3 Qb4 15. Bg5 c6 16. Qd3 Bd7 17. Bxf6 Rxf6 18. Ne4 Rh6 19. Qc3 Qxc3 20. Nxc3
c5 21. Rad1 Rb8 22. b3 Be8 23. Rd2 Rf6 24. Rde2 Kf7 25. Re5 Rd8 1/2-1/2

[Event "OLOB 1920 SV Empor Erfurt - SK Marburg"]
[Site "?"]
[Date "2021.07.17"]
[Round "10.1"]
[White "Dorst, Johannes"]
[Black "Teske, Henrik"]
[Result "0-1"]
[WhiteElo "2252"]
[BlackElo "2470"]
[PlyCount "34"]
[EventDate "2021.??.??"]

1. Nf3 d5 2. c4 d4 3. b4 g6 4. Bb2 Bg7 5. e3 e5 6. exd4 e4 7. Qe2 Qe7 8. Ne5 f6
9. Ng4 Bxg4 10. Qxg4 Nc6 11. Qd1 f5 12. Bc3 Bxd4 13. Bxd4 Nxd4 14. Qa4+ c6 15.
c5 Nf6 16. Bc4 Kf8 17. O-O Kg7 0-1

[Event "OLOB 1920 SV Empor Erfurt - SK Marburg"]
[Site "?"]
[Date "2021.07.17"]
[Round "10.3"]
[White "Henrich, Thomas"]
[Black "Friedrich, Wiede"]
[Result "0-1"]
[WhiteElo "2152"]
[BlackElo "2337"]
[PlyCount "68"]
[EventDate "2021.??.??"]

1. e4 e5 2. Nf3 Nc6 3. d4 exd4 4. Nxd4 Bb4+ 5. c3 Be7 6. Bc4 d6 7. Nxc6 bxc6 8.
Qb3 d5 9. exd5 Nf6 10. dxc6 O-O 11. O-O Qd6 12. Rd1 Qxc6 13. Qb5 Qe4 14. Be2
Rb8 15. Nd2 Qa8 16. Qa4 Bd7 17. Qc2 Rfe8 18. Bf3 Bc6 19. Bxc6 Qxc6 20. Nf3 Bc5
21. Bf4 Qe4 22. Qxe4 Nxe4 23. Rab1 Nxf2 24. Rd5 Ne4+ 25. Rxc5 Nxc5 26. Bxc7 Rb7
27. Bd6 Nd3 28. b3 Rc8 29. Rd1 Rxc3 30. Ba3 Rd7 31. h4 Rc2 32. Ne1 Rxa2 33. Bb4
Ne5 34. Rc1 h6 0-1

[Event "OLOB 1920 SV Empor Erfurt - SK Marburg"]
[Site "?"]
[Date "2021.07.17"]
[Round "10.4"]
[White "Michalowski, Peter"]
[Black "Duncker, Joachim"]
[Result "1/2-1/2"]
[WhiteElo "2110"]
[BlackElo "2183"]
[PlyCount "119"]
[EventDate "2021.??.??"]

1. e4 d5 2. exd5 Nf6 3. Nf3 Qxd5 4. Nc3 Qa5 5. d4 Bf5 6. Bd2 c6 7. Bc4 e6 8.
O-O Qb6 9. Bb3 Bd6 10. Na4 Qc7 11. c4 O-O 12. c5 Bf4 13. h3 Na6 14. Bc4 Bxd2
15. Qxd2 b5 16. cxb6 axb6 17. Rac1 Rfd8 18. Qe3 Nb4 19. Nc3 Qd6 20. Rfd1 Nfd5
21. Nxd5 exd5 22. Bb3 Re8 23. Qc3 Nxa2 24. Bxa2 Rxa2 25. Re1 Rxe1+ 26. Rxe1 Ra8
27. Rc1 Rc8 28. b4 f6 29. Re1 Bd7 30. Qa3 Re8 31. Rxe8+ Bxe8 32. Qa8 Kf8 33.
Qa3 Qe7 34. Kf1 g5 35. Qc3 Qe6 36. Qe1 Qxe1+ 37. Kxe1 Bg6 38. Kd2 Be4 39. Ne1
h5 40. f3 Bg6 41. g3 Kf7 42. Ng2 Ke6 43. h4 Bf5 44. Ne3 Bh3 45. Kc3 Kd6 46. Kd3
Bd7 47. Kc3 gxh4 48. gxh4 c5 49. bxc5+ bxc5 50. f4 c4 51. Nf1 Bg4 52. Ne3 Be6
53. Nf1 Bf5 54. Ne3 Be4 55. Nf1 Bg2 56. Ne3 Bh3 57. Nd1 Bg2 58. Ne3 Be4 59. Nf1
Kc6 60. Kb4 1/2-1/2

[Event "OLOB 1920 SV Empor Erfurt - SK Marburg"]
[Site "?"]
[Date "2021.07.17"]
[Round "10.5"]
[White "Nekhamkis, Genadi"]
[Black "Rudnizki, Sergej"]
[Result "1/2-1/2"]
[WhiteElo "2112"]
[BlackElo "2140"]
[PlyCount "124"]
[EventDate "2021.??.??"]

1. e4 e5 2. Bc4 Nc6 3. Nf3 Be7 4. d4 d6 5. h3 Nf6 6. Nc3 a6 7. a4 O-O 8. O-O h6
9. Re1 Nh7 10. Nd5 Bg5 11. c3 Rb8 12. Ba2 Be6 13. Nxg5 Nxg5 14. dxe5 dxe5 15.
h4 Nh7 16. Qh5 Nf6 17. Qf3 Nd7 18. Qg3 Kh7 19. Be3 Ne7 20. Red1 Bxd5 21. Bxd5
Nxd5 22. Rxd5 Qe7 23. Rad1 Rbd8 24. h5 Rfe8 25. Qh3 Nf6 26. Rxd8 Rxd8 27. Rxd8
Qxd8 28. Qf5+ Kg8 29. f3 Nd7 30. Bf2 Qe7 31. b4 Qd6 32. Kh2 Qc6 33. a5 Qd6 34.
c4 Qe6 35. Qxe6 fxe6 36. Be1 Kf7 37. g4 Nb8 38. b5 c6 39. bxa6 Nxa6 40. Bc3 Nc5
41. Bxe5 Nd3 42. Bc3 e5 43. Kg2 Ke6 44. Kf1 Nc1 45. Kf2 Nd3+ 46. Ke3 Nf4 47.
Bd2 Kd6 48. Bb4+ Ke6 49. Bf8 Kf7 50. Bd6 Ke6 51. Bc7 Nh3 52. f4 exf4+ 53. Bxf4
Kf6 54. Bc7 Ng5 55. Bd8+ Ke5 56. Bxg5 hxg5 57. c5 Ke6 58. Kd4 Kf6 59. e5+ Ke7
60. Kd3 Kf7 61. Kc3 Ke6 62. Kd4 Ke7 1/2-1/2

[Event "OLOB 1920 SV Empor Erfurt - SK Marburg"]
[Site "?"]
[Date "2021.07.17"]
[Round "10.6"]
[White "Nicolai, Tim"]
[Black "Heiling, Thomas"]
[Result "1-0"]
[WhiteElo "1945"]
[BlackElo "2191"]
[PlyCount "163"]
[EventDate "2021.??.??"]

1. e4 e6 2. Nc3 d5 3. Nf3 Nf6 4. e5 Nfd7 5. d4 c5 6. dxc5 Nc6 7. Bf4 Bxc5 8.
Bd3 f6 9. exf6 Nxf6 10. O-O O-O 11. Qd2 Bd7 12. a3 Rc8 13. Rfe1 Ng4 14. Bg3 Qf6
15. h3 Nh6 16. Bh4 Qf4 17. Qxf4 Rxf4 18. Bg5 Rf7 19. Bxh6 gxh6 20. b4 Nxb4 21.
axb4 Bxb4 22. Nb5 Bxe1 23. Rxe1 Bxb5 24. Bxb5 Rxc2 25. Rxe6 a6 26. Bd3 Rc1+ 27.
Kh2 Kg7 28. Rd6 Rc5 29. Nd4 Rc8 30. Nf5+ Kf8 31. Rxd5 Ra8 32. Nxh6 Rxf2 33. Rg5
Ke7 34. Rg7+ Kd6 35. Rxb7 a5 36. Nf5+ Kc5 37. Rb5+ Kc6 38. Nd4+ Kd6 39. Be4 Re8
40. Bf3 Re5 41. Rxe5 Kxe5 42. Nc6+ Kf4 43. Nxa5 Rc2 44. Nc6 Rd2 45. Nb4 Rd4 46.
Nd5+ Kg5 47. Nc3 h5 48. Ne4+ Kf4 49. Nc5 Rc4 50. Ne6+ Ke5 51. Ng7 h4 52. Bg4
Kf4 53. Nf5 Kg5 54. Ne3 Re4 55. Nd5 Re5 56. Bf3 Re1 57. Nc3 Ra1 58. Ne2 Rb1 59.
Bg4 Rb8 60. Kg1 Rf8 61. Nd4 Rb8 62. Nf3+ Kf4 63. Nxh4 Rb1+ 64. Kh2 Ra1 65. Ng6+
Kg5 66. Ne7 Ra2 67. Kg3 Ra3+ 68. Bf3 Ra4 69. Nd5 Rc4 70. Ne3 Rh4 71. Bg4 Rh8
72. Nf5 Ra8 73. h4+ Kf6 74. Nd6 Ra3+ 75. Bf3 Ra4 76. Ne4+ Kf5 77. h5 Ra6 78.
Kh4 Ra1 79. Nf2 Ra4+ 80. Ng4 Ra1 81. Ne3+ Kf6 82. g4 1-0

[Event "OLOB 1920 SV Empor Erfurt - SK Marburg"]
[Site "?"]
[Date "2021.07.17"]
[Round "10.7"]
[White "Bluebaum, Johanna"]
[Black "Bergmann, Harald"]
[Result "1-0"]
[WhiteElo "2018"]
[BlackElo "1761"]
[PlyCount "61"]
[EventDate "2021.??.??"]

1. d4 d5 2. c4 c6 3. Nc3 Nf6 4. e3 g6 5. Nf3 Bg7 6. Be2 O-O 7. O-O Nbd7 8. cxd5
Nxd5 9. e4 Nxc3 10. bxc3 c5 11. Be3 cxd4 12. cxd4 b6 13. Rc1 Nf6 14. Nd2 h5 15.
f3 Kh7 16. Qb3 Bh6 17. Bxh6 Kxh6 18. Qe3+ Kg7 19. Rfd1 Be6 20. d5 Bd7 21. Qd4
Kg8 22. e5 Ne8 23. Ne4 Bf5 24. Ng3 Ng7 25. Ba6 Bc8 26. Bc4 Bb7 27. Qd3 Rc8 28.
d6 exd6 29. exd6 Rc5 30. Bb3 Qc8 31. d7 1-0

[Event "OLOB 1920 SV Empor Erfurt - SK Marburg"]
[Site "?"]
[Date "2021.07.17"]
[Round "10.8"]
[White "Reuter, Elisa"]
[Black "Hein, Lennart"]
[Result "1/2-1/2"]
[WhiteElo "1851"]
[BlackElo "1891"]
[PlyCount "42"]
[EventDate "2021.??.??"]

1. e4 c6 2. d4 d5 3. exd5 cxd5 4. c4 Nf6 5. Nc3 Nc6 6. Nf3 g6 7. Bg5 Ne4 8.
cxd5 Nxc3 9. bxc3 Qxd5 10. Be3 Bg7 11. Be2 O-O 12. O-O Na5 13. Nd2 Qd6 14. Nb3
Nc6 15. Bf3 Rd8 16. Bg5 Bf5 17. Qe2 Re8 18. Bh4 b6 19. Rfe1 Rac8 20. Bg3 Nd8
21. c4 Ne6 1/2-1/2

[Event "OLOB 1920 SK 1980 Gernsheim - SV Oberur"]
[Site "?"]
[Date "2021.07.18"]
[Round "11.1"]
[White "Margolin, Boris"]
[Black "Mazurek, Robert"]
[Result "1-0"]
[WhiteElo "2400"]
[BlackElo "2219"]
[PlyCount "65"]
[EventDate "2021.??.??"]

1. e4 e5 2. Nf3 Nc6 3. Bb5 Nf6 4. O-O Bc5 5. c3 O-O 6. d4 Bb6 7. Re1 d6 8. a4
a5 9. Na3 exd4 10. Nxd4 Nxd4 11. cxd4 c6 12. Bf1 d5 13. e5 Ne4 14. Nc2 c5 15.
f3 Ng5 16. Be3 Ne6 17. Ra3 f6 18. exf6 Rxf6 19. dxc5 Nxc5 20. Kh1 h6 21. Bb5
Be6 22. Qd2 Qd6 23. Bd4 Rf5 24. Rae3 Bf7 25. Be5 Qd8 26. Nd4 Ne4 27. fxe4 Rxe5
28. Rg3 Bxd4 29. Qxd4 Qf6 30. Rf1 Qe7 31. Rf5 Rc8 32. h3 Rc1+ 33. Kh2 1-0

[Event "OLOB 1920 SK 1980 Gernsheim - SV Oberur"]
[Site "?"]
[Date "2021.07.18"]
[Round "11.2"]
[White "Dietz, Holger"]
[Black "Heinz, Axel"]
[Result "1/2-1/2"]
[WhiteElo "2290"]
[BlackElo "2444"]
[PlyCount "57"]
[EventDate "2021.??.??"]

1. e4 e5 2. Nf3 Nc6 3. Bc4 Bc5 4. c3 Nf6 5. d4 exd4 6. e5 d5 7. Bb5 Ne4 8. cxd4
Bb6 9. Nc3 O-O 10. Be3 Bg4 11. h3 Bh5 12. Bxc6 bxc6 13. O-O Nxc3 14. bxc3 Qe7
15. Qa4 Qe6 16. Ng5 Qd7 17. f4 f6 18. exf6 gxf6 19. Nf3 Rfe8 20. Rae1 Bg6 21.
Nh4 Bd3 22. Rf3 Be4 23. Rg3+ Kh8 24. Qd1 Rg8 25. Rxg8+ Rxg8 26. Qh5 Qe8 27. Qh6
Qf8 28. Qh5 Qe8 29. Qh6 1/2-1/2

[Event "OLOB 1920 SK 1980 Gernsheim - SV Oberur"]
[Site "?"]
[Date "2021.07.18"]
[Round "11.3"]
[White "Dubiel, Jacek"]
[Black "Mueller, Maximilian"]
[Result "1-0"]
[WhiteElo "2415"]
[BlackElo "2303"]
[PlyCount "81"]
[EventDate "2021.??.??"]

1. e4 e5 2. Nf3 Nc6 3. d4 exd4 4. Nxd4 Nf6 5. Nxc6 bxc6 6. e5 Qe7 7. Qe2 Nd5 8.
c4 Ba6 9. b3 g5 10. h4 Bg7 11. Bb2 O-O-O 12. Nd2 Rde8 13. O-O-O Nf4 14. Qe3
Bxe5 15. Qxe5 Qxe5 16. Bxe5 Rxe5 17. Nf3 Re7 18. hxg5 c5 19. Re1 Rxe1+ 20. Nxe1
Ne6 21. Nd3 Bb7 22. f4 Be4 23. Rh4 d6 24. Nf2 Bg6 25. Bd3 Nd4 26. g4 Bxd3 27.
Nxd3 Kd7 28. Rh6 a5 29. Kd2 Re8 30. Rxh7 Re2+ 31. Kd1 Ke8 32. Rh8+ Ke7 33. f5
Re4 34. f6+ Kd7 35. g6 fxg6 36. f7 Ne6 37. Re8 Re3 38. Rxe6 Rxd3+ 39. Ke2 Kxe6
40. f8=Q Rd4 41. g5 1-0

[Event "OLOB 1920 SK 1980 Gernsheim - SV Oberur"]
[Site "?"]
[Date "2021.07.18"]
[Round "11.4"]
[White "Di Capua, Francesco Stefano"]
[Black "Akbarinia, Sayed Arash"]
[Result "1/2-1/2"]
[WhiteElo "1956"]
[BlackElo "2379"]
[PlyCount "75"]
[EventDate "2021.??.??"]

1. e4 c6 2. Nf3 d5 3. exd5 cxd5 4. Ne5 Nc6 5. d4 Nf6 6. Bb5 Qb6 7. c4 e6 8. Nc3
Bb4 9. Qa4 Bd7 10. Nxd7 Nxd7 11. cxd5 exd5 12. O-O Bxc3 13. bxc3 O-O 14. Rb1
Qc7 15. Qb3 Nb6 16. Bd3 Na5 17. Qc2 g6 18. Bh6 Rfe8 19. Rfe1 Nac4 20. Qc1 Rxe1+
21. Qxe1 Qc6 22. Qe7 Re8 23. Qg5 Nd7 24. h4 Nd6 25. h5 Ne4 26. Bxe4 dxe4 27.
Qa5 b6 28. d5 Qc5 29. Qxa7 Qxd5 30. Qa4 Ra8 31. Rd1 Rxa4 32. Rxd5 Ra7 33. Kf1
f6 34. hxg6 hxg6 35. Be3 Kf7 36. Rd4 g5 37. Rxe4 Rxa2 38. Rb4 1/2-1/2

[Event "OLOB 1920 SK 1980 Gernsheim - SV Oberur"]
[Site "?"]
[Date "2021.07.18"]
[Round "11.5"]
[White "Schlamp, Robert"]
[Black "Schupp, Uwe"]
[Result "1/2-1/2"]
[WhiteElo "2280"]
[BlackElo "2114"]
[PlyCount "81"]
[EventDate "2021.??.??"]

1. e4 d6 2. Nf3 Nf6 3. d3 g6 4. Be2 Bg7 5. O-O O-O 6. Re1 c5 7. c3 Nc6 8. a3 b6
9. b4 Bb7 10. Bf1 Qc7 11. Ra2 a6 12. Qb3 Rac8 13. Bf4 Nd7 14. h4 Nce5 15. Nxe5
Nxe5 16. bxc5 bxc5 17. Nd2 Rb8 18. Qd1 Nd7 19. Rc2 Bc6 20. Rc1 a5 21. h5 Bb5
22. Re3 Nf6 23. hxg6 hxg6 24. Be2 Qd7 25. Rh3 Rfc8 26. Bg5 Nh7 27. Be3 Ba4 28.
Qe1 d5 29. exd5 Qxd5 30. Nc4 Bc6 31. Rg3 a4 32. Bd2 Bb5 33. Ne3 Qd7 34. Bg4 e6
35. c4 Bc6 36. Be2 Rb3 37. Nc2 Rcb8 38. Be3 Qd6 39. Qa5 Bd4 40. Bxd4 cxd4 41.
Re1 1/2-1/2

[Event "OLOB 1920 SK 1980 Gernsheim - SV Oberur"]
[Site "?"]
[Date "2021.07.18"]
[Round "11.7"]
[White "Haubt, Georg"]
[Black "Mao, Kevin"]
[Result "1-0"]
[WhiteElo "2058"]
[BlackElo "2040"]
[PlyCount "43"]
[EventDate "2021.??.??"]

1. d4 d5 2. Bf4 Nf6 3. e3 g6 4. h4 Bg7 5. Nd2 O-O 6. h5 Nxh5 7. Rxh5 gxh5 8.
Qxh5 Qd7 9. Bd3 h6 10. f3 Qe6 11. g4 c5 12. O-O-O Nc6 13. c3 b5 14. g5 b4 15.
gxh6 Bf6 16. Nb3 Nxd4 17. Nxc5 Nb3+ 18. Nxb3 bxc3 19. Ne2 Qb6 20. Nxc3 e5 21.
Bg5 Bb7 22. Qg4 1-0

[Event "OLOB 1920 FB Mörlenbach-Birkenau - SF S"]
[Site "?"]
[Date "2021.07.18"]
[Round "11.1"]
[White "Marchio, Enrico"]
[Black "Kunin, Vitaly"]
[Result "1/2-1/2"]
[WhiteElo "2305"]
[BlackElo "2567"]
[PlyCount "104"]
[EventDate "2021.??.??"]

1. Nf3 Nf6 2. c4 e6 3. Nc3 Bb4 4. g3 O-O 5. Bg2 d5 6. cxd5 exd5 7. a3 Bxc3 8.
dxc3 c6 9. O-O Bf5 10. Bg5 h6 11. Bxf6 Qxf6 12. Qd4 Qe7 13. Rfe1 Na6 14. e4
Bxe4 15. Nd2 Qc5 16. Qxc5 Nxc5 17. Nxe4 dxe4 18. Bxe4 Rad8 19. Bc2 Rd2 20. Rac1
Rfd8 21. Kf1 g5 22. Red1 Kg7 23. Rxd2 Rxd2 24. Ke1 Rd6 25. Rd1 Rxd1+ 26. Kxd1
Kf6 27. Ke2 Nd7 28. f4 gxf4 29. gxf4 Nb6 30. Bb3 Nc8 31. Bc2 Nd6 32. Bd3 c5 33.
Ke3 Ke6 34. Kf3 f5 35. c4 Nc8 36. Ke3 Ne7 37. Be2 b6 38. Bf3 Kf6 39. Kd3 Ng6
40. Ke3 Ke7 41. Bb7 Nf8 42. Bc8 Ne6 43. Bxe6 Kxe6 44. b3 Kf6 45. Kf3 Kg6 46.
Kg3 a6 47. Kh4 Kg7 48. Kh5 b5 49. a4 bxa4 50. bxa4 a5 51. h3 Kh7 52. h4 Kg7
1/2-1/2